| 000 | 00724cam a22002411 4500 | ||
|---|---|---|---|
| 001 | sa 66001141 | ||
| 003 | DLC | ||
| 005 | 20260227112219.0 | ||
| 008 | 861110s1964 ii 100 0 eng | ||
| 010 | _asa 66001141 | ||
| 025 | _aPL480:I-E-5197 | ||
| 035 | _a(OCoLC)14694353 | ||
| 040 |
_aDLC _cWaU _dDLC |
||
| 042 | _apremarc | ||
| 050 | 0 | 0 |
_aHD9999.S92 _bS4 1964 |
| 111 | 2 |
_aSeminar on Sports Goods Exports, _cDelhi, _d1964. |
|
| 245 | 0 | 0 | _aConclusions & recommendations. |
| 260 |
_a[New Delhi, _cforeword 1964] |
||
| 300 |
_aii, 24, iii, 5 p. _c28 cm. |
||
| 500 | _aOrganized by the Indian Institute of Foreign Trade. | ||
| 650 | 0 |
_aSporting goods industry _zIndia. |
|
| 710 | 2 | _aIndian Institute of Foreign Trade. | |
| 999 |
_c67613 _d67613 |
||